000 00675nam a2200241 a 4500
005 20210219153152.0
008 991125n 000 0 u
035 _aUPN01000081604
100 _aShea, Christopher
222 _aCHRONICLE OF HIGHER EDUCATION
245 _aIdealism and economic pragmatism mix in debate over value of liberal arts
300 _aA16-18
362 _a39, No. 25, 1993
505 _aJulio 1993
653 0 _aARTES LIBERALES
653 0 _aCURRICULUM ESCOLAR
653 0 _aECONOMIA EDUCATIVA
653 0 _aFILOSOFIA EDUCATIVA
653 0 _aPUBLIC POLICY
653 0 _aROL DE LA ESCUELA
904 _aAC
_b019415
905 _aArticulo
999 _c70034
_d70034